El Mundo rural latinoamericano y la nueva ruralidad /

Gespeichert in:
Bibliographische Detailangaben
1. Verfasser: Pérez C., Edelmira
Format: Text
Schlagworte:
Tags: Tag hinzufügen
Keine Tags, Fügen Sie den ersten Tag hinzu!

MARC

LEADER 00000 a a2200000 04500
001 10148
003
040
100 |a Pérez C., Edelmira  
245 |a El Mundo rural latinoamericano y la nueva ruralidad /  |c Edelmira Pérez C. 
650 |a DESARROLLO RURAL  
650 |a DESIGUALDAD RURAL URBANA  
650 |a ECONOMIA RURAL  
650 |a POLITICA GUBERNAMENTAL  
650 |a CAMBIO SOCIAL  
650 |a POBLACION RURAL  
650 |a PROPIEDAD DE LA TIERRA  
773 |g número 20; páginas 180-193  
999 |c 31720  |d 31720